01593nam0a22002531 4500001001100000005001700011021001900028035002600047100004100073101000800114102000700122105001800129200047900147210003200626215001500658606010500673606012200778700008700900702003600987712025201023801001801275801002201293852002401315rc\368024220260407203714.0 aRUb[72-91124] a(NLR Aleph) 007845634 a20130115d1972 |||y0rusy50 ca0 arus aRU ay ac |||||1 aВопросы теории коммунистического воспитания и деятельность комсомольских организаций. (1960-1970 гг.)eБиблиогр. указ. литературыfСост. Камалдинова Э.Ш.gРед. Костяшкин Э.Г.gИн-т повышения квалификации преподавателей пед. дисциплин ун-тов и педвузов при АПН СССР aМоскваcБ. и.d1972 a49 с.d20 aКоммунистическое воспитаниеjУказатели литературы2psbo aКомсомольские организации и их работаjУказатели литературы2psbo 1aКамалдиноваbЭ.Ш.gЭлеонора Шайхутдиновна4220 1aКостяшкинbЭ.Г.434002aИнститут повышения квалификации преподавателей педагогических дисциплин университетов и педагогических вузовcМосква3RU\NLR\AUTH\8810135579 0aRUbNLRgpsbo 1aRUbELAR2rusmarc aNLRjс873-420/К18